000 00402nam a2200169Ia 4500
003 0STCL
008 150530s9999 xx 000 0 und d
040 _aSTCL
_cSTCL
100 _aRosamond Lawernce
245 _aCharles Napier Friend and Fighter 1782-1853
250 _aFirst
260 _bJohn Murray
_c1952
546 _aEnglish
942 _2ddc
_cBK
999 _c69041
_d69041
005 20220125171410.0